সামাজিক ও রাজনৈতিক তত্ত্বের নীতি = [Principles of Social & Political theory ernest barker] / (Record no. 47030)
[ view plain ]
| 000 -LEADER | |
|---|---|
| fixed length control field | 00966nam a2200229 a 4500 |
| 001 - CONTROL NUMBER | |
| control field | 47030 |
| 003 - CONTROL NUMBER IDENTIFIER | |
| rucl marc code | BD-RjUL |
| 005 - DATE AND TIME OF LATEST TRANSACTION | |
| control field | 20211209054241.0 |
| 008 - FIXED-LENGTH DATA ELEMENTS--GENERAL INFORMATION | |
| fixed length control field | 160806s1984 ii ||||| |||| 00| 0 ben d |
| 020 ## - INTERNATIONAL STANDARD BOOK NUMBER | |
| Terms of availability | : IRs.22.00 |
| 035 ## - SYSTEM CONTROL NUMBER | |
| System control number | (BD-RjUL)47149 |
| 040 ## - CATALOGING SOURCE | |
| Original cataloging agency | BD-RjUL |
| Language of cataloging | ben |
| Transcribing agency | BD-RjUL |
| Modifying agency | BD-RjUL |
| 041 ## - LANGUAGE CODE | |
| Language code of text/sound track or separate title | ben |
| 082 ## - DEWEY DECIMAL CLASSIFICATION NUMBER | |
| Edition number | 23 |
| Classification number | 320 |
| Author mark and year | MUS 1984 |
| 100 ## - MAIN ENTRY--PERSONAL NAME | |
| Personal name | মুখোপাধ্যায়, অমলেন্দু |
| 9 (RLIN) | 137933 |
| 245 10 - TITLE STATEMENT | |
| Title | সামাজিক ও রাজনৈতিক তত্ত্বের নীতি = [Principles of Social & Political theory ernest barker] / |
| Statement of responsibility, etc. | অমলেন্দু মুখোপাধ্যায়, |
| 260 ## - PUBLICATION, DISTRIBUTION, ETC. (IMPRINT) | |
| Place of publication, distribution, etc. | কলিকাতা : |
| Name of publisher, distributor, etc. | পশ্চিমবঙ্গ পুস্তক পর্ষদ, |
| Date of publication, distribution, etc. | ১৯৮৪. |
| 300 ## - PHYSICAL DESCRIPTION | |
| Pagination | ৩৭১ পৃ. ; |
| Size | ২৩ সেমি. |
| 650 ## - SUBJECT ADDED ENTRY--TOPICAL TERM | |
| Topical term or geographic name as entry element | রাষ্ট্রবিজ্ঞান |
| 9 (RLIN) | 143233 |
| Topical term or geographic name as entry element | Political Science |
| 9 (RLIN) | 143234 |
| 942 ## - ADDED ENTRY ELEMENTS (KOHA) | |
| Source of classification or shelving scheme | Dewey Decimal Classification |
| Koha item type | Books |
| Lost status | Source of classification or shelving scheme | Damaged status | Not for loan | Collection code | Permanent Location | Current Location | Shelving location | Date acquired | Source of acquisition | Cost, normal purchase price | Total Checkouts | Full call number | Date last seen | Copy number | Koha item type |
|---|---|---|---|---|---|---|---|---|---|---|---|---|---|---|---|
| Dewey Decimal Classification | Non-fiction | Central Library, University of Rajshahi | Central Library, University of Rajshahi | 22/12/1997 | Alighor library, Rajshahi. | 66.00 | B 320 MUS 1984 | 06/08/2016 | C-2 | Books | |||||
| Dewey Decimal Classification | Non-fiction | Central Library, University of Rajshahi | Central Library, University of Rajshahi | 27/12/1997 | Alighor library, Rajshahi. | 30.00 | B 320 MUS 1984 | 06/08/2016 | C-3 | Books |